1939 1342 1928 1832 1256 1209 1275 1410 1779 1372 1712 1304 1578 1181 1982 1667 1330 1904 1864 1156 1731 1755 1249 1431 1642 1050 1972 1685 1276 1382 1167 1177 1057 1755 1816 1040 1277 1552 1959 1555 1785 1954 1961 1305 1503 1495 1736 1167 1753 1715 1834 1114 1549 1637 1648 1107 1798 1188 1698 1996 1180 1872 1161 1711 1961 1483 1179 1906 1262 1236 1735 1343 1404 1291 1024 1304 1776 1121 1214 1852 1257 1970 1932 1165 1418 1104 1746 1685 1980 1252 1262 1209 1732 1976 1163 1121 1162 1858 1966 BCNSPRNW ULIB Ver.6.0+V

เปลี่ยนเป็นภาษาไทย

Change to English
 แสดงรายละเอียดบรรณานุกรม
  กลับหน้าหลัก

Brief Record : Get Marc (ISO 2709) : E-mail record : QR code < ปิดหน้าต่าง
LEADER : 00000nam 2200000uu 4500
001    13399127378
003     ULIB
008    200513s2562||||th 000 0 tha d
020 ^- ^a9786162715464
060 ^- ^aW84.61^bป625
245 00 ^aปัญหาเวชปฏิบัติปฐมภูมิยุคใหม่และการดู=Emerging primary care trends and implications for practice /บรรณาธิการ นฤชา โกมลสุรเดช ... [และคนอื่นๆ].
250 ^- ^aพิมพ์ครั้งที่ 1.
260 ^- ^aสงขลา :ภาควิชาเวชศาสตร์ครอบครัวและเวชศาสตร์ป้องกัน คณะแพทยศาสตร์ มหาวิทยาลัยสงขลานครินทร์,^c2562
300 ^- ^a216 หน้า :^bภาพประกอบ.
650 ^4 ^aสาธารณสุขมูลฐาน^xการใช้ยา.
700 0^ aนฤชา โกมลสุรเดช.
700 0^ aกัมพล เอี่ยมพนากิจ.
700 0^ aจารุรินทร์ ปิตานุพงศ์.
700 0^ aธรรมสินธิ์ อิงวิยะ.
700 0^ aธารีรัตน์ อนันต์ชัยทรัพย์.
700 0^ aพลเทพ วิจิตรคุณากร.
700 0^ aศุภกร ศรีแผ้ว.
700 0^ aศศิวรา บุญรัศมี.
700 0^ aสุภร บุษปวนิช.
710 2^ aมหาวิทยาลัยสงขลานครินทร์^bภาควิชาเวชศาสตร์ครอบครัวและเวชศาสตร์ป้องกัน.
945    ^p380^l0^i28241
999    ^aกัณชพร จุลอักษร
รายการนี้ยังไม่มีแท็ก
คุณยังไม่ได้ล็อกอิน คุณสามารถมีกิจกรรมร่วมกับเว็บไซต์ได้ แต่ต้องล็อกอินก่อน ::
  ล็อกอิน

รายการสื่อสารสนเทศ

ลำดับที่ ประเภท เลขเรียก/บาร์โค้ด สถานที่ สถานะ
1. หนังสือสำรอง
หนังสือสำรอง
W84.61 ป625 ฉ.1 
  Barcode: 28241
ห้องสมุดวิทยาเขตนครสวรรค์
►หนังสือทั่วไป:l:General Books
บนชั้น

รายการใกล้เคียง
    ชื่อเรื่อง [ปัญหาเวชปฏิบัติปฐมภูมิยุคใหม่และการดู=Emerging primary care trends and implications for practice /บรรณาธิการ นฤชา โกมลสุรเดช ... [และคนอื่นๆ].]

BibComment


ยังไม่เคยถูกคอมเมนท์

คอมเมนท์ทรัพยากรรายการนี้
  คอมเมนท์: ปัญหาเวชปฏิบัติป..


 Copyright 2026. Bcnsprnw @Library